• 首页
  • 本馆介绍
  • 公告通知
  • 最新文献
  • 馆藏检索
  • 电子资源
  • 读者导购
  • 参考咨询
  • 我的图书馆
  • 登录
  • 详细信息显示
  • 放入我的书架
  • 预约/预借图书
  • 作者相关作品
  • 分类相关作品
  • 丛书相关作品
  • 出版社相关作品

书目信息

  • 表格格式
  • 工作单格式
  • 卡片格式
题名:
一九二七年广州起义实录
    
 
作者: 花城出版社 编
分册:  
出版信息: 广州   花成出版社  1986.6
页数: 421页
开本: 20cm
丛书名:
单 册:
中图分类: I263.3 , K263.3
科图分类:
主题词:
电子资源:
ISBN:
000 00559nam0 2200193 45
001 0312221749
005 20091011084008.42
010    @dCNY2.85
100    @a20031222d1986 km y0chiy0120 ea
101    @achi
105    @a z 000yy
200 1  @a一九二七年广州起义实录@AYi Jiu Er Qi Nian Guang Zhou Qi Yi Shi Lu@f花城出版社编@FHua Cheng Chu BanShe Bian
210    @a广州@c花成出版社@d1986.6
215    @a421页@d20cm
690    @aI263.3@v3
690    @aK263.3@v4
701 0  @a花城出版社@4编
801    @aCN@bTSTCL@c20091011
905    @dK263.3@e10@f2@b163359-360
    
    一九二七年广州起义实录/花城出版社编.-广州:花成出版社,1986.6
    421页;20cm
    
    
    ISBN :CNY2.85
    
●
相关链接 在E读中查询图书 在五车中查询图书 在当当中查询图书 在豆瓣中查询图书


正题名:一九二七年广州起义实录     索取号:K263.3/10         预约/预借

序号 登录号 条形码 馆藏地/架位号 状态 备注
1 0163359   000352692   第二借阅区/ [索取号:K263.3/10] 在馆    
2 0163360   000352763   第二借阅区/ [索取号:K263.3/10] 在馆    
3 0163361   202086072   第二样本阅览室/ [索取号:K263.3/10] 在馆    
唐山师范学院图书馆 欢迎您!
大连网信软件有限公司© 版权所有